Forest ecology /

Bibliographic Details
Main Author: Kimmins, J. P.
Format: Book
Language:English
Published: New York : London : Macmillan ; Collier Macmillan, [1987]
Subjects:

MARC

Tag First Indicator Second Indicator Subfields
LEADER 00000cam a2200000 a 4500
001 in00000007634
005 20151006050105.0
008 861210s1987 nyua b 00110 eng
010 |a  81008190  
020 |a 0023640502 
035 |a (OCoLC)15084611 
035 |9 AAA2131AM 
040 |a DLC  |c DLC  |d m/c  |d TXA  |d UtOrBLW 
049 |a TXAM  |c 1 [A12629207], 2 [A11678847] 
050 0 0 |a QH541.5.F6  |b K55 1987 
082 0 |a 574.5/2642  |2 19 
100 1 |a Kimmins, J. P. 
245 1 0 |a Forest ecology /  |c J.P. Kimmins. 
264 1 |a New York :  |b Macmillan ;  |a London :  |b Collier Macmillan,  |c [1987] 
264 4 |c ©1987 
300 |a xii, 531 pages :  |b illustrations ;  |c 25 cm. 
336 |a text  |b txt  |2 rdacontent 
337 |a unmediated  |b n  |2 rdamedia 
338 |a volume  |b nc  |2 rdacarrier 
504 |a Bibliography: pages 493-524. 
500 |a Includes index. 
650 0 |a Forest ecology. 
999 |a MARS 
999 f f |s 1a078716-2786-3f86-9032-67c205f7c6d7  |i 7e6384a7-92eb-3a5f-aeef-19cc7d645133  |t 0 
952 f f |p normal  |a Texas A&M University  |b College Station  |c Sterling C. Evans Library  |d Evans: Library Stacks  |t 0  |e QH541.5.F6 K55 1987  |h Library of Congress classification  |i unmediated -- volume  |m A14812629207 
998 f f |a QH541.5.F6 K55 1987  |t 0  |l Evans: Library Stacks